000 00309nam a22001337a 4500
008 190223b xxu||||| |||| 00| 0 eng d
020 _a9780205325276
041 _aeng
080 _a371
100 _a25
101 _aEDU
245 _aGrammar for Language Arts Teachers
_cCalderonello, A
942 _2udc
_cBK
999 _c54156
_d54156